000
00330nam a22001337a 4500
008
260225b ||||| |||| 00| 0 eng d
020
_a
9789951051958
041
_a
Shqip
080
_a
2.1
100
_a
20.1
101
_a
Politike
245
_a
Hyrje në Shkencat Shoqërore
_c
Bernard Valade- Renaud Fillieule
942
_2
udc
_c
BK
999
_c
60861
_d
60861